000 00221nam a2200097Ia 4500
008 190216s9999||||xx |||||||||||||| ||und||
100 _aVijayan O V
245 0 _aMalayalam-Ucha Kodi
260 _bCurrent Books
942 _cBK
999 _c30333
_d30333